书目信息 |
| 题名: |
高层建筑结构与高耸结构
|
|
| 作者: | 赵鸿铁 主编 | |
| 分册: | ||
| 出版信息: | 北京 中国建筑工业出版社 2003.6 |
|
| 页数: | 163页 | |
| 开本: | 26cm | |
| 丛书名: | 一、二级注册结构工程师专业考试复习丛书 | |
| 单 册: | ||
| 中图分类: | TU973 , TU3 | |
| 科图分类: | ||
| 主题词: | 高层建筑--Gao Ceng Jian Zhu--建筑结构--建筑师--资格考试--自学参考资料 | |
| 电子资源: | ||
| ISBN: | 7-112-05785-X | |
| 000 | 01229nam 2200301 450 | |
| 001 | CAL 012003137534 | |
| 005 | 20050914163441.38 | |
| 010 | @a7-112-05785-X@dCNY 18.00 | |
| 099 | @aCAL 012003137534 | |
| 100 | @a20030909d2003 ekmy0chiy0121 ea | |
| 101 | 0 | @achi |
| 102 | @aCN@b110000 | |
| 105 | @aak a 000yy | |
| 200 | 1 | @a高层建筑结构与高耸结构@Agao ceng jian zhu jie gou yu gao song jie gou@f赵鸿铁主编 |
| 210 | @a北京@c中国建筑工业出版社@d2003.6 | |
| 215 | @a163页@c图@d26cm | |
| 225 | 2 | @a一、二级注册结构工程师专业考试复习丛书@AYi Er Ji Zhu Ce Jie Gou Gong Cheng Shi Zhuan Ye Kao Shi Fu Xi Cong Shu |
| 320 | @a有书目 (第163页) | |
| 330 | @a本书共8章。内容包括:高层建筑结构设计的原则及一般规定;荷载作用与作用效应;框架结构,剪力墙结构设计;框架一剪力墙(简体)结构;框架及筒中筒结构;高层建筑钢结构设计;高耸结构。书中附有大量的例题、思考题和习题。 | |
| 410 | 0 | @12001 @a一、二级注册结构工程师专业考试复习丛书 |
| 606 | 0 | @a高层建筑@AGao Ceng Jian Zhu@x建筑结构@x建筑师@x资格考试@j自学参考资料 |
| 690 | @aTU973@v4 | |
| 690 | @aTU3@v4 | |
| 701 | 0 | @a赵鸿铁@Azhao hong tie@4主编 |
| 801 | 0 | @aCN@bCAU@c20050914 |
| 801 | 2 | @aCN@bDUTL@c20030922 |
| 905 | @a10447@dTU973@eZ300 | |
| 906 | @dCNY18.00@n0@r1 | |
| 高层建筑结构与高耸结构/赵鸿铁主编.-北京:中国建筑工业出版社,2003.6 |
| 163页:图;26cm.-(一、二级注册结构工程师专业考试复习丛书) |
| ISBN 7-112-05785-X:CNY 18.00 |
| 本书共8章。内容包括:高层建筑结构设计的原则及一般规定;荷载作用与作用效应;框架结构,剪力墙结构设计;框架一剪力墙(简体)结构;框架及筒中筒结构;高层建筑钢结构设计;高耸结构。书中附有大量的例题、思考题和习题。 |
| ● |
| 相关链接 |
|
|
|
正题名:高层建筑结构与高耸结构
索取号:TU973/Z300
 
预约/预借
| 序号 | 登录号 | 条形码 | 馆藏地/架位号 | 状态 | 备注 |
| 1 | 551963 | 205519633 | 建筑库201/101建筑库 75排2列4层/ [索取号:TU973/Z300] | 在馆 | |
| 2 | 551964 | 205519642 | 建筑库201/101建筑库 75排2列4层/ [索取号:TU973/Z300] | 在馆 | |
| 3 | 551965 | 205519651 | 建筑库201/101建筑库 75排2列4层/ [索取号:TU973/Z300] | 在馆 |